书目信息 |
| 题名: |
核心日语
|
|
| 作者: | 王宝平 , 王勇 编著 | |
| 分册: | ||
| 出版信息: | 杭州 杭州大学出版社 1998.01 |
|
| 页数: | 325页 | |
| 开本: | 32开 | |
| 丛书名: | ||
| 单 册: | ||
| 中图分类: | H36 | |
| 科图分类: | ||
| 主题词: | 日语 | |
| 电子资源: | ||
| ISBN: | 7-81035-125-7 | |
| 000 | 00563nam0 2200205 45 | |
| 001 | 0010061622 | |
| 005 | 20001006162753.2 | |
| 010 | @a7-81035-125-7@d12.60元 | |
| 100 | @a20001006d1998 km y0chiy0120 ea | |
| 101 | 0 | @achi |
| 105 | @a z 000yy | |
| 200 | 1 | @a核心日语@AHe Xin Ri Yu@f王宝平,王勇编著@FWang Bao Ping,Wang Yong Bian Zhu |
| 210 | @a杭州@c杭州大学出版社@d1998.01 | |
| 215 | @a325页@d32开 | |
| 606 | 0 | @a日语 |
| 690 | @aH36@v3 | |
| 701 | 0 | @a王宝平@4编著 |
| 701 | 0 | @a王勇@4编著 |
| 801 | @aCN@bPftUser@c20001006 | |
| 905 | @b168525-529@dH36@eW677@f5 | |
| 核心日语/王宝平,王勇编著.-杭州:杭州大学出版社,1998.01 |
| 325页;32开 |
| ISBN 7-81035-125-7:12.60元 |
| ● |
| 相关链接 |
|
|
|
正题名:核心日语
索取号:H36/W677
 
预约/预借
| 序号 | 登录号 | 条形码 | 馆藏地/架位号 | 状态 | 备注 |
| 1 | 168525 | 201685257 | 语言库209/209语言库 124排2列6层/ [索取号:H36/W677] | 在馆 | |
| 2 | 168526 | 201685266 | 语言库209/209语言库 124排2列6层/ [索取号:H36/W677] | 在馆 | |
| 3 | 168527 | 201685275 | 语言库209/ [索取号:H36/W677] | 在馆 | |
| 4 | 168528 | 201685284 | 语言库209/209语言库 124排2列6层/ [索取号:H36/W677] | 在馆 | |
| 5 | 168529 | 201685293 | 语言库209/209语言库 124排2列6层/ [索取号:H36/W677] | 在馆 |